| 000 | 00568nam a2200217 4500 | ||
|---|---|---|---|
| 001 | 9884 | ||
| 010 | _a972-42-1898-3 | ||
| 021 |
_aPT _b114637/97 |
||
| 090 | _a9884 | ||
| 100 | _a20160908 frey50 | ||
| 101 | _apor | ||
| 102 | _aPT | ||
| 200 |
_aO relógio do cárcere _fJosé Riço Direitinho |
||
| 205 | _a1ª | ||
| 210 |
_aPorto _cAsa _d1997 |
||
| 215 |
_a154 [6]p. _d20 cm |
||
| 225 |
_aFinisterra _eAutores contemporâneos de Lisboa portuguesa) |
||
| 300 | _aOferta de ana Rente | ||
| 600 |
_aDireitinho _bJosé Riço _f1965- |
||
| 801 |
_aPT _gRPC |
||
| 990 | _cLIVROS | ||